[Event "27th CRO-Cup"]
[Site "Mali Losinj"]
[Date "2018.05.16"]
[Round "1.133"]
[White "Glazar, Domagoj"]
[Black "Kuljasevic, Davorin"]
[Result "0-1"]
[WhiteElo "2133"]
[BlackElo "2534"]
[PlyCount "218"]
[EventDate "2018.05.16"]
[WhiteTeam "ŠK Stjepan Bosak-URIHO, Zagreb"]
[BlackTeam "ŠK Liburnija, Rijeka"]

1. d4 Nf6 2. c4 e6 3. Nc3 Bb4 4. Qc2 d6 5. Bd2 c5 6. e3 Nc6 7. Nf3 cxd4 8. exd4
d5 9. cxd5 Nxd5 10. Bd3 Nf6 11. Be3 O-O 12. O-O h6 13. Rad1 Ne7 14. a3 Bd6 15.
Ne4 Nfd5 16. Nxd6 Qxd6 17. Ne5 b6 18. Qe2 f5 19. Rfe1 Rf6 20. Rc1 a6 21. Bd2
Bb7 22. Nc4 Qd8 23. Ne5 Qd6 24. Nc4 Qd8 25. Ne5 Ng6 26. f3 Nde7 27. Be3 Nd5 28.
Bc4 Nxe5 29. Bxd5 Bxd5 30. dxe5 Rf7 31. Qf2 Rb8 32. Qe2 f4 33. Bf2 b5 34. Bc5
Rc8 35. Bd6 Rc4 36. Rxc4 bxc4 37. Rd1 Rb7 38. Bb4 Qg5 39. Rd4 Qf5 40. Bc3 Kh7
41. Rd1 g5 42. Rc1 Rg7 43. Qc2 Qxc2 44. Rxc2 h5 45. h3 g4 46. hxg4 hxg4 47.
fxg4 Rxg4 48. Kf1 Kg6 49. Re2 Kf5 50. Rd2 Rh4 51. Kg1 Ke4 52. Re2+ Kf5 53. Rf2
Be4 54. Rd2 Rg4 55. Kf1 Rg8 56. Rf2 Bd3+ 57. Kg1 Ke4 58. Kh2 Rh8+ 59. Kg1 Rg8
60. Kh2 Rg4 61. Kh3 Rg3+ 62. Kh2 Rg6 63. Kg1 Rg7 64. Kh2 Kf5 65. Kg1 Rg4 66.
Rf3 Be4 67. Rf2 Rh4 68. Re2 Bd5 69. Rd2 Rh7 70. Rf2 Kg4 71. Bd2 Rf7 72. Re2 Rf5
73. Bc3 Rh5 74. Rf2 Kf5 75. Re2 Rg5 76. Rf2 Rg4 77. Kf1 Be4 78. Rd2 Bd5 79. Rf2
Rh4 80. Kg1 Ke4 81. Re2+ Kd3 82. Kf2 Rh1 83. Rd2+ Ke4 84. Rd4+ Kf5 85. Rd2 Be4
86. Re2 Bb7 87. Be1 Kg4 88. Bc3 Bd5 89. Be1 Kf5 90. Bc3 Be4 91. Bd4 Rd1 92. Bc3
Rd3 93. Kg1 Rd1+ 94. Kf2 Rh1 95. Bd4 a5 96. Bc3 a4 97. Bd4 Bd5 98. Bc3 Kg4 99.
Be1 Bc6 100. Bc3 Bb7 101. Be1 Kf5 102. Bc3 Be4 103. Bd4 Bd3 104. Re1 Rh7 105.
Kg1 Be4 106. Re2 Rg7 107. Rf2 f3 108. Kf1 Bd3+ 109. Ke1 Ke4 0-1

[Event "27th CRO-Cup"]
[Site "Mali Losinj"]
[Date "2018.05.16"]
[Round "1.134"]
[White "Plenca, Jadranko"]
[Black "Kovacevic, Krsto"]
[Result "1-0"]
[WhiteElo "2487"]
[BlackElo "2085"]
[PlyCount "73"]
[EventDate "2018.05.16"]
[WhiteTeam "ŠK Liburnija, Rijeka"]
[BlackTeam "ŠK Stjepan Bosak-URIHO, Zagreb"]

1. d4 Nf6 2. Nf3 e6 3. Bf4 c5 4. e3 Be7 5. Nbd2 b6 6. h3 Bb7 7. c3 O-O 8. Bd3
d6 9. Qe2 cxd4 10. exd4 a6 11. O-O Re8 12. Rfe1 Nbd7 13. Bh2 Nf8 14. a4 Ng6 15.
Nc4 Bf8 16. Rac1 Nd5 17. Qd2 Rc8 18. Bf1 Rc6 19. Ne3 Nxe3 20. fxe3 Rc8 21. e4
e5 22. Qf2 exd4 23. Nxd4 Ne5 24. Rcd1 g6 25. Bf4 Qf6 26. Qg3 Nc4 27. b3 Ne5 28.
Be2 h6 29. Rf1 Qg7 30. Rf2 Rc7 31. Rdf1 Rec8 32. Bd2 Re8 33. Rf6 Be7 34. Rxf7
Nxf7 35. Ne6 Qh7 36. Nxc7 Rc8 37. Bc4 1-0

[Event "27th CRO-Cup"]
[Site "Mali Losinj"]
[Date "2018.05.16"]
[Round "1.141"]
[White "Boban, Sten"]
[Black "Pavic, Filip"]
[Result "1/2-1/2"]
[WhiteElo "2092"]
[BlackElo "2233"]
[PlyCount "71"]
[EventDate "2018.05.16"]
[WhiteTeam "ŠK Strmac, Nova Gradiška"]
[BlackTeam "ŠK Polet, Buševec"]

1. e4 d6 2. d4 Nf6 3. Nc3 e5 4. dxe5 dxe5 5. Qxd8+ Kxd8 6. Bg5 Be6 7. O-O-O+
Nbd7 8. Nf3 Ke8 9. Bb5 Bd6 10. Bxf6 gxf6 11. Nd2 c6 12. Bc4 b5 13. Bxe6 fxe6
14. Nb3 Bb4 15. Ne2 Nc5 16. Nxc5 Bxc5 17. f3 Rg8 18. g3 Ke7 19. Rd3 Bb6 20.
Rhd1 Rad8 21. c3 Rxd3 22. Rxd3 h5 23. Kc2 h4 24. g4 h3 25. Kd2 Rd8 26. Rxd8
Kxd8 27. f4 exf4 28. Nxf4 Ke7 29. Nxh3 Bc7 30. Ke3 Bxh2 31. Nf4 Kf7 32. Nd3 Kg6
33. Kf3 a5 34. Nc5 Kf7 35. Nd3 Kg6 36. Nc5 1/2-1/2

[Event "27th CRO-Cup"]
[Site "Mali Losinj"]
[Date "2018.05.16"]
[Round "1.142"]
[White "Radenic, Filip"]
[Black "Zakic, Marko"]
[Result "1-0"]
[WhiteElo "2177"]
[BlackElo "1901"]
[PlyCount "59"]
[EventDate "2018.05.16"]
[WhiteTeam "ŠK Polet, Buševec"]
[BlackTeam "ŠK Strmac, Nova Gradiška"]

1. c4 e6 2. Nf3 Nf6 3. g3 d5 4. Bg2 Be7 5. O-O O-O 6. d4 dxc4 7. Ne5 c5 8. dxc5
Bxc5 9. Nxc4 Nc6 10. Nc3 a6 11. Bg5 Qc7 12. Rc1 Rd8 13. Nd2 Be7 14. e4 h6 15.
Be3 b5 16. e5 Nd5 17. Nxd5 exd5 18. Nb3 Bb7 19. Bf4 Qb6 20. Qg4 Nb4 21. Be3 d4
22. Bxd4 Rxd4 23. Qxd4 Qxd4 24. Nxd4 Bxg2 25. Kxg2 Nxa2 26. Rc7 Bd8 27. Rd7 Nb4
28. Rd1 Rc8 29. Nxb5 Nc6 30. Na7 1-0

[Event "27th CRO-Cup"]
[Site "Mali Losinj"]
[Date "2018.05.16"]
[Round "1.143"]
[White "Muraja, Zeljko"]
[Black "Nemec, Vjekoslav"]
[Result "0-1"]
[WhiteElo "1722"]
[BlackElo "2202"]
[PlyCount "158"]
[EventDate "2018.05.16"]
[WhiteTeam "ŠK Strmac, Nova Gradiška"]
[BlackTeam "ŠK Polet, Buševec"]

1. d4 g6 2. c4 Bg7 3. Nc3 d6 4. Nf3 Nd7 5. g3 e5 6. Bg2 Ne7 7. dxe5 dxe5 8. Qc2
O-O 9. O-O c6 10. b3 Nf5 11. e3 h5 12. Bb2 Qe7 13. Ne4 h4 14. g4 Nh6 15. h3 f5
16. gxf5 gxf5 17. Nc3 e4 18. Nh2 Ne5 19. Ne2 Kh8 20. Nf4 Qf7 21. Qe2 Kh7 22.
Rab1 Be6 23. Qh5 Qxh5 24. Nxh5 Bh8 25. Nf4 Bg8 26. Kh1 Rad8 27. Rfd1 Rfe8 28.
Bf1 Nhf7 29. Be2 Ng5 30. Kg2 Bf7 31. Ba1 Ne6 32. Nxe6 Bxe6 33. Rxd8 Rxd8 34.
Rd1 Rxd1 35. Bxd1 Nd3 36. Bxh8 Kxh8 37. f3 b5 38. cxb5 cxb5 39. Be2 Nc1 40.
Bxb5 Nxa2 41. Bc4 Bxc4 42. bxc4 a5 43. Nf1 a4 44. Nd2 Nc3 45. c5 a3 46. c6 Nd5
47. fxe4 fxe4 48. Kf2 Kg7 49. Ke2 a2 50. Nb3 Kf6 51. Kd2 Ke5 52. Kc2 Nxe3+ 53.
Kb2 Nd5 54. Kxa2 Nb4+ 55. Kb2 Nxc6 56. Kc1 Nd4 57. Nc5 Ne2+ 58. Kd2 Nf4 59. Ke3
Nd5+ 60. Kf2 Kd4 61. Ne6+ Ke5 62. Nc5 Ne7 63. Ke3 Nf5+ 64. Kf2 Kd5 65. Nd7 Kd4
66. Nf6 Kd3 67. Ng4 Kd2 68. Kf1 e3 69. Nxe3 Kxe3 70. Kg2 Ke2 71. Kg1 Kf3 72.
Kh2 Kf2 73. Kh1 Kg3 74. Kg1 Kxh3 75. Kh1 Kg3 76. Kg1 Nh6 77. Kh1 Ng4 78. Kg1 h3
79. Kh1 Nf2+ 0-1

[Event "27th CRO-Cup"]
[Site "Mali Losinj"]
[Date "2018.05.17"]
[Round "2.12"]
[White "Kozul, Zdenko"]
[Black "Vujakovic, Branko"]
[Result "1-0"]
[WhiteElo "2597"]
[BlackElo "2335"]
[PlyCount "67"]
[EventDate "2018.05.16"]

1. d4 Nf6 2. c4 g6 3. Nc3 d5 4. Nf3 Bg7 5. Qb3 dxc4 6. Qxc4 O-O 7. e4 Nc6 8.
Be2 Bg4 9. d5 Na5 10. Qb4 Bxf3 11. Bxf3 c6 12. O-O cxd5 13. Nxd5 e6 14. Ne7+
Kh8 15. Rd1 Qb6 16. Qa4 Qc5 17. e5 Ne8 18. Bf4 Nc4 19. Rac1 Nxb2 20. Rxc5 Nxa4
21. Ra5 Nc3 22. Rc1 Nd5 23. Nxd5 exd5 24. Rxd5 a5 25. a4 Ra6 26. Rb5 Re6 27.
Bxb7 Re7 28. Bc6 f6 29. Rxa5 fxe5 30. Be3 Rc7 31. Ra7 Rxa7 32. Bxa7 Bh6 33. Rb1
Nc7 34. Bb8 1-0

[Event "27th CRO-Cup"]
[Site "Mali Losinj"]
[Date "2018.05.17"]
[Round "2.13"]
[White "Blazeka, Matej"]
[Black "Stevic, Hrvoje"]
[Result "0-1"]
[WhiteElo "2312"]
[BlackElo "2588"]
[PlyCount "72"]
[EventDate "2018.05.16"]

1. e4 e5 2. Nf3 Nc6 3. Bc4 Nf6 4. d3 Be7 5. O-O O-O 6. Re1 d6 7. a4 Na5 8. Ba2
c5 9. Nc3 Nc6 10. Nd5 Nxd5 11. Bxd5 Be6 12. c3 Qd7 13. h3 f5 14. Bd2 Bxd5 15.
exd5 Nd8 16. b4 cxb4 17. cxb4 Nf7 18. b5 Bd8 19. Qb3 Bb6 20. a5 Bc5 21. Ra4
Rae8 22. d4 exd4 23. Nxd4 Rxe1+ 24. Bxe1 Re8 25. Bd2 Nd8 26. Qd3 Re4 27. g4 Qf7
28. f3 Rxd4 29. Rxd4 Qxd5 30. Be3 Bxd4 31. Qxd4 Qxd4 32. Bxd4 a6 33. bxa6 bxa6
34. gxf5 Nc6 35. Bc3 Kf7 36. Kf2 Ne7 0-1

[Event "27th CRO-Cup"]
[Site "Mali Losinj"]
[Date "2018.05.17"]
[Round "2.14"]
[White "Palac, Mladen"]
[Black "Brumen, Dinko"]
[Result "1/2-1/2"]
[WhiteElo "2548"]
[BlackElo "2319"]
[PlyCount "59"]
[EventDate "2018.05.16"]

1. Nf3 Nf6 2. c4 e6 3. Nc3 d5 4. d4 Nbd7 5. Bf4 a6 6. cxd5 exd5 7. e3 Be7 8.
Bd3 O-O 9. O-O Re8 10. Qc2 Nf8 11. h3 c6 12. Rab1 Ne6 13. Be5 g6 14. b4 Ng7 15.
a4 Bf5 16. b5 axb5 17. axb5 Bxd3 18. Qxd3 Nf5 19. Rfc1 Ra3 20. Qc2 Qa8 21. bxc6
bxc6 22. e4 dxe4 23. Nxe4 Nxe4 24. Qxe4 f6 25. Bh2 Bc5 26. Qc2 Rxf3 27. Qc4+
Kg7 28. dxc5 Ra3 29. Rd1 Re7 30. Bd6 1/2-1/2

[Event "27th CRO-Cup"]
[Site "Mali Losinj"]
[Date "2018.05.17"]
[Round "2.21"]
[White "Saric, Ivan"]
[Black "Nemeth, Miklos"]
[Result "1-0"]
[WhiteElo "2685"]
[BlackElo "2491"]
[PlyCount "120"]
[EventDate "2018.05.16"]

1. e4 e5 2. Nf3 Nc6 3. Bb5 a6 4. Ba4 Nf6 5. O-O Be7 6. Re1 b5 7. Bb3 d6 8. c3
O-O 9. h3 Bb7 10. d4 Re8 11. Nbd2 Bf8 12. a3 h6 13. Bc2 Nb8 14. b3 Nbd7 15. Bb2
c6 16. Nf1 Qc7 17. Ng3 g6 18. c4 Bg7 19. Rc1 bxc4 20. bxc4 Rab8 21. c5 exd4 22.
cxd6 Qxd6 23. Bxd4 c5 24. Ba1 Qxd1 25. Rcxd1 Nf8 26. e5 Nd5 27. Ne4 Nf4 28. h4
Red8 29. g3 N4e6 30. Kg2 Nd7 31. Nd6 Bxf3+ 32. Kxf3 Nd4+ 33. Bxd4 cxd4 34. Nxf7
Kxf7 35. e6+ Kf6 36. exd7 Rxd7 37. Re4 Kf7 38. g4 Bf6 39. g5 hxg5 40. hxg5 Bxg5
41. Rg4 Bf6 42. Bxg6+ Kf8 43. Rf4 Rd6 44. a4 Ke7 45. Rh1 Rh8 46. Rxh8 Bxh8 47.
Rf7+ Ke6 48. Rh7 Bf6 49. Bd3 a5 50. Ke4 Bd8 51. f4 Kf6 52. f5 Kg5 53. Ke5 Rb6
54. Rg7+ Kh6 55. Rg8 Bc7+ 56. Kd5 Rd6+ 57. Kc5 Rd8 58. Rg6+ Kh5 59. f6 Be5 60.
f7 Bd6+ 1-0

[Event "27th CRO-Cup"]
[Site "Mali Losinj"]
[Date "2018.05.17"]
[Round "2.22"]
[White "Krstic, Uros"]
[Black "Markus, Robert"]
[Result "0-1"]
[WhiteElo "2377"]
[BlackElo "2603"]
[PlyCount "118"]
[EventDate "2018.05.16"]

1. d4 Nf6 2. Nf3 e6 3. Bf4 b6 4. e3 Bb7 5. Nbd2 d6 6. h3 Nbd7 7. c3 g6 8. Be2
Bg7 9. O-O O-O 10. a4 a5 11. Bh2 Qe7 12. b4 axb4 13. cxb4 Ra7 14. Qb3 Rfa8 15.
Rfc1 c5 16. Bb5 d5 17. bxc5 bxc5 18. dxc5 Nxc5 19. Qb4 Bf8 20. Be5 Ba6 21. Rxc5
Ne4 22. Nxe4 dxe4 23. Qxe4 Qxc5 24. Bd4 Bb7 25. Qh4 Qf5 26. Bxa7 Rxa7 27. Nd4
Qd5 28. Nf3 Qxb5 29. Ng5 h6 30. axb5 Rxa1+ 31. Kh2 hxg5 32. Qd4 Rb1 33. Qd7 Bd5
34. f3 Bc4 35. b6 Rxb6 36. Qd8 Rb5 37. Qc8 Rc5 38. Qd8 Kg7 39. e4 Bf1 40. Qd1
Bb5 41. Qa1+ e5 42. Qb2 Bc4 43. Qd2 Be7 44. Qd7 Kf8 45. Qa7 Rc8 46. Qe3 Be6 47.
Qd2 Kg7 48. Qb2 Kf6 49. Qf2 Bc5 50. Qd2 Ra8 51. Qc3 Bd4 52. Qc1 Ra1 53. Qd2 Ra2
54. Qc1 Bb6 55. Kh1 Ba5 56. Kg1 Bd2 57. Qc5 Bf4 58. Qc3 Bg3 59. Kf1 Rf2+ 0-1

[Event "27th CRO-Cup"]
[Site "Mali Losinj"]
[Date "2018.05.17"]
[Round "2.23"]
[White "Kuljasevic, Davorin"]
[Black "Trbojevic, Mladen"]
[Result "1-0"]
[WhiteElo "2534"]
[BlackElo "2343"]
[PlyCount "95"]
[EventDate "2018.05.16"]

1. d4 Nf6 2. c4 g6 3. Nf3 Bg7 4. g3 O-O 5. Bg2 d5 6. cxd5 Nxd5 7. O-O Nb6 8.
Nc3 Nc6 9. e3 Re8 10. h3 a5 11. d5 Nb4 12. e4 c6 13. a3 Na6 14. Be3 Nc4 15. Qe2
Nxe3 16. Qxe3 Qd6 17. e5 Qc5 18. Qf4 h6 19. Rfd1 cxd5 20. Rxd5 Qb6 21. Rb5 Qa7
22. Rxa5 Bd7 23. Rd1 Bc6 24. Nd4 Bxg2 25. Kxg2 b6 26. Rd5 Qb7 27. Kg1 Nc5 28.
Ndb5 Rac8 29. Qe3 Qb8 30. h4 Ne6 31. Nd4 Nc5 32. e6 fxe6 33. Nxe6 Nxe6 34.
Qxe6+ Kh7 35. h5 gxh5 36. Rxh5 Rc5 37. Nd5 Qc8 38. Qe4+ Kh8 39. b4 Rc1 40. Rxc1
Qxc1+ 41. Kg2 Qxa3 42. Nxb6 Qb2 43. Nd5 Rf8 44. Nf4 Kg8 45. Qe6+ Kh7 46. Qxe7
Rf6 47. Qe4+ Kg8 48. Rd5 1-0

[Event "27th CRO-Cup"]
[Site "Mali Losinj"]
[Date "2018.05.17"]
[Round "2.24"]
[White "Horvat, David"]
[Black "Plenca, Jadranko"]
[Result "0-1"]
[WhiteElo "2191"]
[BlackElo "2487"]
[PlyCount "70"]
[EventDate "2018.05.16"]

1. e4 e5 2. Nf3 Nc6 3. d4 exd4 4. Nxd4 Nf6 5. Nxc6 bxc6 6. Qe2 a5 7. e5 Nd5 8.
c4 Bb4+ 9. Nd2 Nf4 10. Qe4 Ne6 11. a3 Be7 12. f4 d5 13. cxd5 Nc5 14. Qf3 cxd5
15. Bb5+ Bd7 16. Bxd7+ Qxd7 17. O-O f5 18. exf6 Bxf6 19. Re1+ Kf7 20. Nf1 Rhe8
21. Be3 Nb3 22. Rad1 c6 23. Bf2 a4 24. Re2 Rxe2 25. Qxe2 Re8 26. Qa6 Re4 27.
Ng3 Rxf4 28. Be3 Qg4 29. Re1 Rc4 30. Qb7+ Kg6 31. Qa8 h6 32. Qe8+ Kh7 33. Nh5
Bxb2 34. Bxh6 Re4 35. Rxe4 Qxe4 0-1

[Event "27th CRO-Cup"]
[Site "Mali Losinj"]
[Date "2018.05.17"]
[Round "2.31"]
[White "Biti, Ozren"]
[Black "Bosiocic, Marin"]
[Result "1-0"]
[WhiteElo "2362"]
[BlackElo "2597"]
[PlyCount "125"]
[EventDate "2018.05.16"]

1. e4 d6 2. d4 Nf6 3. Nc3 g6 4. Nf3 Bg7 5. h3 O-O 6. Be3 c6 7. Bd3 Qc7 8. O-O
Nbd7 9. a4 b6 10. Re1 e5 11. Qd2 a6 12. Bh6 Bb7 13. Bf1 Rfe8 14. Bxg7 Kxg7 15.
Rad1 b5 16. dxe5 dxe5 17. Qe3 Rad8 18. Rd2 Nf8 19. Red1 Rxd2 20. Rxd2 N6d7 21.
Rd1 Nb6 22. b3 f6 23. h4 Rd8 24. Rxd8 Qxd8 25. Qd2 Qxd2 26. Nxd2 Kf7 27. axb5
cxb5 28. b4 Ke7 29. f3 Ne6 30. Nd1 Nd4 31. c3 Nc6 32. Kf2 Bc8 33. Ke3 Be6 34.
g3 Nd8 35. Nb2 Nc6 36. Nd1 Na4 37. Be2 Kd6 38. Kd3 f5 39. Ke3 Ne7 40. Bf1 Kc6
41. Be2 Kb6 42. Bf1 Nc8 43. f4 exf4+ 44. Kxf4 fxe4 45. Nxe4 Ne7 46. Ke5 Bg4 47.
Ndf2 Bf3 48. Bh3 Kc6 49. Be6 h5 50. Bf7 Be2 51. Ke6 Nf5 52. Bxg6 Ne3 53. Ke5
Kb6 54. Nh3 Ng4+ 55. Kd4 Nh6 56. Nf4 Bg4 57. Bxh5 Bxh5 58. Nxh5 a5 59. Nhf6
Nf5+ 60. Ke5 Ng7 61. g4 Nb2 62. bxa5+ Kxa5 63. Nd5 1-0

[Event "27th CRO-Cup"]
[Site "Mali Losinj"]
[Date "2018.05.17"]
[Round "2.32"]
[White "Tica, Sven"]
[Black "Medak, Bojan"]
[Result "1-0"]
[WhiteElo "2444"]
[BlackElo "2380"]
[PlyCount "67"]
[EventDate "2018.05.16"]

1. d4 d6 2. Nf3 g6 3. g3 Bg7 4. c4 c5 5. d5 b5 6. cxb5 Qa5+ 7. Bd2 Qxb5 8. Nc3
Qb7 9. Bg2 Na6 10. O-O Nf6 11. e4 Nd7 12. b3 Nc7 13. Rc1 Nb5 14. Nxb5 Qxb5 15.
Bc3 O-O 16. Re1 Bxc3 17. Rxc3 Nb6 18. Qd2 Bg4 19. e5 Qa5 20. Re4 Bxf3 21. Bxf3
dxe5 22. Rxe5 Rfe8 23. Qc2 c4 24. Rce3 cxb3 25. Qxb3 Nd7 26. Rxe7 Rxe7 27. Rxe7
Rb8 28. Qe3 Rb1+ 29. Kg2 Qb5 30. g4 Nf6 31. Qe5 Rh1 32. Be2 Qb1 33. Qxf6 Qg1+
34. Kf3 1-0

[Event "27th CRO-Cup"]
[Site "Mali Losinj"]
[Date "2018.05.17"]
[Round "2.34"]
[White "Zelenika, Srdjan"]
[Black "Vargic, Drago"]
[Result "1/2-1/2"]
[WhiteElo "2218"]
[BlackElo "2283"]
[PlyCount "56"]
[EventDate "2018.05.16"]

1. e4 e6 2. d4 d5 3. Nd2 Nf6 4. e5 Nfd7 5. Bd3 c5 6. c3 Nc6 7. Ne2 cxd4 8. cxd4
f6 9. exf6 Nxf6 10. O-O Bd6 11. Nf3 O-O 12. h3 Bd7 13. Bf4 Bxf4 14. Nxf4 Ne4
15. Nh5 g6 16. Ng3 Nxg3 17. fxg3 Qb6 18. Kh2 Nxd4 19. Ne5 Rxf1 20. Qxf1 Be8 21.
Qf4 Nc6 22. Nxc6 Bxc6 23. Rf1 Qxb2 24. Qf7+ Kh8 25. Rf6 Rg8 26. Qxe6 d4 27. Rf3
Bxf3 28. Qf6+ Rg7 1/2-1/2

[Event "27th CRO-Cup"]
[Site "Mali Losinj"]
[Date "2018.05.17"]
[Round "2.41"]
[White "Jovanovic, Zoran"]
[Black "Skuhala, Jernej"]
[Result "1-0"]
[WhiteElo "2551"]
[BlackElo "2302"]
[PlyCount "33"]
[EventDate "2018.05.16"]

1. e4 c5 2. Nc3 a6 3. Nge2 d6 4. g3 b5 5. Bg2 Bb7 6. d4 cxd4 7. Nxd4 Nf6 8. O-O
b4 9. Nd5 Nxd5 10. exd5 g6 11. Re1 h6 12. c3 bxc3 13. bxc3 Qc7 14. Rb1 Nd7 15.
Ne6 Qc8 16. Qd4 Nf6 17. Nc5 1-0

[Event "27th CRO-Cup"]
[Site "Mali Losinj"]
[Date "2018.05.17"]
[Round "2.42"]
[White "Novak, Ivan"]
[Black "Pikula, Dejan"]
[Result "0-1"]
[WhiteElo "2202"]
[BlackElo "2470"]
[PlyCount "56"]
[EventDate "2018.05.16"]

1. d4 Nf6 2. c4 c5 3. d5 g6 4. Nc3 d6 5. Nf3 Bg7 6. g3 O-O 7. Bg2 Na6 8. O-O
Nc7 9. e4 Rb8 10. Re1 b5 11. e5 Ng4 12. exd6 exd6 13. Bg5 f6 14. Bf4 bxc4 15.
Nd2 g5 16. Be3 f5 17. h3 Nxe3 18. fxe3 Rxb2 19. Rc1 Ba6 20. Rc2 Rxc2 21. Qxc2
Qf6 22. Na4 Qe5 23. Kh2 f4 24. gxf4 gxf4 25. Nf3 Qxd5 26. exf4 Qf7 27. Kh1 Qxf4
28. Re7 Rf7 0-1

[Event "27th CRO-Cup"]
[Site "Mali Losinj"]
[Date "2018.05.17"]
[Round "2.44"]
[White "Havas, Juraj"]
[Black "Bukal, Vladimir Jr"]
[Result "1/2-1/2"]
[WhiteElo "2028"]
[BlackElo "2388"]
[PlyCount "118"]
[EventDate "2018.05.16"]

1. d4 e6 2. c4 b6 3. Nf3 Bb7 4. g3 Bb4+ 5. Bd2 a5 6. Bg2 f5 7. O-O Nf6 8. Bf4
Be7 9. Nc3 O-O 10. d5 Qc8 11. Nb5 Na6 12. d6 cxd6 13. Bxd6 Qd8 14. Qd4 Bxd6 15.
Nxd6 Bc6 16. Rac1 Nc5 17. b3 Qe7 18. Rfd1 Rab8 19. Qh4 Nce4 20. Nxe4 Bxe4 21.
Ne5 Bxg2 22. Kxg2 d6 23. Nf3 e5 24. Rc2 h6 25. Rcd2 Rbd8 26. a3 Qc7 27. b4 Ne4
28. Rd3 Nf6 29. R3d2 axb4 30. axb4 e4 31. Nd4 Qxc4 32. Nxf5 Qe6 33. Nxd6 Ng4
34. e3 Rxf2+ 35. Rxf2 Nxe3+ 36. Kg1 Rxd6 37. Re1 Ng4 38. Rf4 Nf6 39. Rfxe4 Nxe4
40. Qxe4 Qxe4 41. Rxe4 Kf7 42. Kg2 Rd2+ 43. Kh3 Rb2 44. g4 Kf6 45. Rf4+ Ke6 46.
Rc4 Kd5 47. Rf4 b5 48. g5 Rb3+ 49. Kg2 hxg5 50. Rg4 Rd3 51. Rxg5+ Kc4 52. Rxg7
Kxb4 53. h4 Kc4 54. Rc7+ Kb3 55. h5 b4 56. h6 Ka2 57. Ra7+ Kb2 58. h7 Rd8 59.
Kg3 b3 1/2-1/2

[Event "27th CRO-Cup"]
[Site "Mali Losinj"]
[Date "2018.05.17"]
[Round "2.51"]
[White "Mufic, Goran"]
[Black "Saric, Ibro"]
[Result "0-1"]
[WhiteElo "2288"]
[BlackElo "2554"]
[PlyCount "90"]
[EventDate "2018.05.16"]

1. d4 g6 2. Nf3 Bg7 3. e4 d6 4. c3 Nf6 5. Nbd2 O-O 6. Be2 b6 7. O-O Bb7 8. e5
dxe5 9. Nxe5 Nfd7 10. Bf3 Qc8 11. Nd3 Na6 12. Re1 Re8 13. Ne4 c5 14. dxc5 bxc5
15. Nd2 Bxf3 16. Qxf3 c4 17. Nf4 Ne5 18. Qe2 Qc6 19. b3 Nd3 20. Nxd3 cxd3 21.
Qxd3 Rad8 22. Qe2 Nb4 23. Rf1 Qxc3 24. Rb1 Nxa2 25. Nc4 Nxc1 26. Rfxc1 Qb4 27.
Ne5 Rd2 28. Qe1 Rd4 29. Nc6 Qxe1+ 30. Rxe1 Rd7 31. b4 e6 32. Red1 Rb7 33. b5
Bf8 34. Kf1 Bc5 35. Nd8 Rc7 36. Rbc1 Kg7 37. Ke2 h5 38. Rc3 g5 39. Nc6 Bb6 40.
Ra3 f5 41. Rda1 Kf6 42. R1a2 Rec8 43. f3 Rd7 44. Nxa7 Rc5 45. Ra6 Re5+ 0-1

[Event "27th CRO-Cup"]
[Site "Mali Losinj"]
[Date "2018.05.17"]
[Round "2.52"]
[White "Saric, Ante"]
[Black "Safar, Sandro"]
[Result "1-0"]
[WhiteElo "2535"]
[BlackElo "2235"]
[PlyCount "73"]
[EventDate "2018.05.16"]

1. e4 d6 2. d4 g6 3. c4 Bg7 4. Nc3 Nd7 5. Nf3 c6 6. Be2 Qc7 7. O-O Ngf6 8. Re1
e5 9. h3 O-O 10. Be3 Re8 11. d5 Nc5 12. Nd2 a5 13. a3 Bd7 14. b4 Na6 15. Qb3
axb4 16. axb4 Rec8 17. dxc6 bxc6 18. c5 Qb7 19. Bc4 Bf8 20. cxd6 Bxd6 21. Bxf7+
Kg7 22. Nc4 Bc7 23. Bg5 Qxb4 24. Bxf6+ Kxf6 25. Nd5+ cxd5 26. Rxa6+ Rxa6 27.
Qxb4 dxc4 28. Bxc4 Ba5 29. Qb3 Bxe1 30. Qf3+ Kg7 31. Qf7+ Kh6 32. Bxa6 Ra8 33.
Bb7 Rd8 34. Qe7 Ba5 35. Qxe5 Bb6 36. Qf4+ Kg7 37. Qd6 1-0

[Event "27th CRO-Cup"]
[Site "Mali Losinj"]
[Date "2018.05.17"]
[Round "2.53"]
[White "Tomulic, Teo"]
[Black "Plenca, Julijan"]
[Result "0-1"]
[WhiteElo "2273"]
[BlackElo "2413"]
[PlyCount "90"]
[EventDate "2018.05.16"]

1. e4 e6 2. d4 d5 3. Nd2 Nc6 4. Ngf3 Nf6 5. e5 Nd7 6. c3 f6 7. exf6 Qxf6 8. g3
e5 9. Qe2 Be7 10. Bg2 e4 11. Ng1 Qg6 12. f3 Nf6 13. fxe4 dxe4 14. Nxe4 O-O 15.
Nxf6+ Bxf6 16. Nf3 Bf5 17. O-O Bd3 18. Qe6+ Kh8 19. Re1 Rae8 20. Qd7 Be4 21.
Bf4 Re7 22. Qh3 Rfe8 23. Rec1 Bf5 24. Nh4 Bxh4 25. Qxh4 Be4 26. Bg5 Bxg2 27.
Bxe7 Bd5 28. Rf1 Nxe7 29. Rae1 Ng8 30. Qf4 h6 31. Qf2 Re4 32. b3 b5 33. Re3 Nf6
34. Rfe1 Rxe3 35. Rxe3 a5 36. Re5 c6 37. Re3 a4 38. bxa4 bxa4 39. a3 Qb1+ 40.
Re1 Qb3 41. h3 Qxa3 42. Qc2 Qb3 43. Qxb3 axb3 44. g4 Be4 45. Re2 Bc2 0-1

[Event "27th CRO-Cup"]
[Site "Mali Losinj"]
[Date "2018.05.17"]
[Round "2.54"]
[White "Bobanac, Miro"]
[Black "Zekic, Patrik"]
[Result "1-0"]
[WhiteElo "2276"]
[BlackElo "1525"]
[PlyCount "97"]
[EventDate "2018.05.16"]

1. Nf3 d5 2. g3 Nf6 3. Bg2 Bf5 4. c4 c6 5. Qb3 Qb6 6. d3 e6 7. O-O Bd6 8. Be3
Qxb3 9. axb3 a6 10. Nc3 Nbd7 11. Na4 O-O 12. Rfc1 Ng4 13. Bd2 Ngf6 14. Ba5 Rac8
15. c5 Bc7 16. Bxc7 Rxc7 17. Nd2 e5 18. b4 Be6 19. e4 d4 20. b3 g5 21. Nb2 g4
22. Nbc4 Bxc4 23. bxc4 Rb8 24. Rcb1 Rbc8 25. h3 h5 26. f3 gxf3 27. Nxf3 Kh7 28.
Nh4 Rg8 29. Kh2 Ne8 30. Rf1 f6 31. Nf5 Ng7 32. Nd6 Ne6 33. h4 Ng7 34. Bh3 Rf8
35. Ra2 Ne8 36. Raf2 Ng7 37. Bxd7 Rxd7 38. Rxf6 Rxf6 39. Rxf6 Kg8 40. Kh3 Re7
41. Rh6 Rd7 42. Rg6 Kh7 43. Rg5 Re7 44. Kg2 Kh6 45. Rxg7 Rxg7 46. Nf5+ Kg6 47.
Nxg7 Kxg7 48. g4 hxg4 49. Kg3 1-0

[Event "27th CRO-Cup"]
[Site "Mali Losinj"]
[Date "2018.05.17"]
[Round "2.63"]
[White "Nemec, Vjekoslav"]
[Black "Loncar, Robert"]
[Result "0-1"]
[WhiteElo "2202"]
[BlackElo "2412"]
[PlyCount "48"]
[EventDate "2018.05.16"]

1. e4 c5 2. Nf3 e6 3. c3 Nf6 4. e5 Nd5 5. d4 cxd4 6. cxd4 b6 7. Nc3 Nxc3 8.
bxc3 Bb7 9. Bd3 d6 10. O-O Be7 11. exd6 Bxd6 12. c4 O-O 13. Re1 Nd7 14. Bb2 Rc8
15. Rc1 Rc7 16. Qe2 Nf6 17. Ne5 Qa8 18. Ng4 Nxg4 19. Qxg4 f5 20. Qg5 Rf6 21. f3
Rg6 22. Qe3 Bxf3 23. d5 Bxg2 24. Kf2 f4 0-1

[Event "27th CRO-Cup"]
[Site "Mali Losinj"]
[Date "2018.05.17"]
[Round "2.64"]
[White "Sale, Srdjan"]
[Black "Pavic, Jakov"]
[Result "0-1"]
[WhiteElo "2430"]
[BlackElo "2164"]
[PlyCount "58"]
[EventDate "2018.05.16"]

1. c4 c5 2. Nf3 Nf6 3. Nc3 Nc6 4. e3 d5 5. cxd5 Nxd5 6. Bb5 Nxc3 7. bxc3 Bd7 8.
O-O e6 9. d4 cxd4 10. cxd4 Be7 11. Qe2 O-O 12. Rd1 a6 13. Bd3 Nb4 14. Bb1 Ba4
15. Rd2 Rc8 16. Bb2 Qa5 17. e4 Qb6 18. e5 g6 19. Be4 Bc6 20. Ba3 Bxe4 21. Qxe4
Qc6 22. Qe2 Qc3 23. Bxb4 Qxa1+ 24. Rd1 Rc1 25. Rxc1 Qxc1+ 26. Be1 Rd8 27. Qe4
Bb4 28. h4 Bxe1 29. Nxe1 Qd1 0-1

[Event "27th CRO-Cup"]
[Site "Mali Losinj"]
[Date "2018.05.17"]
[Round "2.71"]
[White "Sprenger, Jan Michael"]
[Black "Martic, Zlatko"]
[Result "1-0"]
[WhiteElo "2496"]
[BlackElo "2261"]
[PlyCount "59"]
[EventDate "2018.05.16"]

1. e4 c5 2. Nf3 e6 3. d4 cxd4 4. Nxd4 a6 5. Nc3 b5 6. Bd3 Bb7 7. O-O Ne7 8. Re1
Nec6 9. Nf3 d6 10. Bf4 Nd7 11. a4 b4 12. Nb1 Be7 13. Nbd2 Nde5 14. Nc4 Nxc4 15.
Bxc4 O-O 16. Bd3 Bf6 17. Rb1 Ne5 18. Nxe5 Bxe5 19. Bd2 Qa5 20. b3 Rfd8 21. f4
Bd4+ 22. Kh1 Qc5 23. Rf1 Rac8 24. f5 d5 25. e5 exf5 26. Bxf5 Bxe5 27. Bxh7+ Kf8
28. Qh5 Bf6 29. Rxf6 gxf6 30. Re1 1-0

[Event "27th CRO-Cup"]
[Site "Mali Losinj"]
[Date "2018.05.17"]
[Round "2.72"]
[White "Rubil, Marko"]
[Black "Muha, Miljenko"]
[Result "1-0"]
[WhiteElo "2227"]
[BlackElo "2384"]
[PlyCount "73"]
[EventDate "2018.05.16"]

1. e4 e6 2. d4 d5 3. e5 c5 4. c3 Nc6 5. Nf3 Bd7 6. Be2 Nge7 7. Na3 cxd4 8. cxd4
Nf5 9. Nc2 Qb6 10. g4 Nfe7 11. O-O h5 12. g5 Nf5 13. g6 fxg6 14. Kh1 Be7 15.
Rg1 O-O-O 16. b4 Kb8 17. Bd2 Rc8 18. a4 a5 19. bxa5 Nxa5 20. Rb1 Qa7 21. Bb5
Bxb5 22. axb5 Nc4 23. Rxg6 Nxd2 24. Qxd2 Qb6 25. Ne3 Rhf8 26. Nxd5 Qd8 27. Nf4
Nh4 28. Nxh4 Bxh4 29. b6 Rc4 30. Qa2 Qxd4 31. Qa7+ Kc8 32. Qa8+ Kd7 33. Qxb7+
Ke8 34. Rxe6+ Kd8 35. Qb8+ Kd7 36. Rd6+ Ke7 37. Qb7+ 1-0